<?xml version="1.0" encoding="UTF-8"?><?xml-stylesheet type="text/xsl" href="static/style.xsl"?><OAI-PMH xmlns="http://www.openarchives.org/OAI/2.0/" xmlns:xsi="http://www.w3.org/2001/XMLSchema-instance" xsi:schemaLocation="http://www.openarchives.org/OAI/2.0/ http://www.openarchives.org/OAI/2.0/OAI-PMH.xsd"><responseDate>2026-04-19T06:36:02Z</responseDate><request verb="GetRecord" identifier="oai:riubu.ubu.es:10259/9374" metadataPrefix="marc">https://riubu.ubu.es/oai/request</request><GetRecord><record><header><identifier>oai:riubu.ubu.es:10259/9374</identifier><datestamp>2024-07-16T00:05:22Z</datestamp><setSpec>com_10259_5088</setSpec><setSpec>com_10259_2728</setSpec><setSpec>col_10259_5421</setSpec></header><metadata><record xmlns="http://www.loc.gov/MARC21/slim" xmlns:doc="http://www.lyncode.com/xoai" xmlns:xsi="http://www.w3.org/2001/XMLSchema-instance" xmlns:dcterms="http://purl.org/dc/terms/" xsi:schemaLocation="http://www.loc.gov/MARC21/slim http://www.loc.gov/standards/marcxml/schema/MARC21slim.xsd">
<leader>00925njm 22002777a 4500</leader>
<datafield tag="042" ind1=" " ind2=" ">
<subfield code="a">dc</subfield>
</datafield>
<datafield tag="720" ind1=" " ind2=" ">
<subfield code="a">Rubiales Ordax, Mariola</subfield>
<subfield code="e">author</subfield>
</datafield>
<datafield tag="520" ind1=" " ind2=" ">
<subfield code="a">El frenesí, los cambios constantes y la falta de tiempo, caracteriza nuestra&#xd;
sociedad. Por ello, es necesario enseñar al alumnado a ser consciente de su propio&#xd;
cuerpo, de sus sensaciones y del mundo que le rodea, trabajando así la atención&#xd;
plena, conocida como el Mindfulness. A partir de esta técnica, el alumnado podrá&#xd;
desarrollarse de manera integral, trabajando desde Educación Primaria en la&#xd;
Educación para la Salud. Para ello, es necesario analizar no únicamente el&#xd;
concepto de Mindfulness, sino también explorar las diferentes intervenciones que&#xd;
se han realizado con anterioridad. En ella se analiza la mejora de la atención y el&#xd;
autonocimiento a través del trabajo de Mindfulness durante ocho semanas. Para&#xd;
ello, se evalúan estas dos variables a través del test CARAS-R y test Mesquite.&#xd;
Como conclusión, este programa ha mejorado el índice de control de la&#xd;
impulsividad, y por tanto la atención, así como la inteligencia emocional, tras ocho&#xd;
semanas con el programa de Mindfulness.</subfield>
</datafield>
<datafield tag="520" ind1=" " ind2=" ">
<subfield code="a">The frenzu, constant changes and lack of time, characterize our society. Therefore,&#xd;
it is necessary to teach students to be aware of their won body, their sensations,&#xd;
and the world around them, thus working on Mindfulness.&#xd;
Through this technique, students can develop holistically, starting from Primary&#xd;
Education in Health Education. To achieve this, it is necessary to analyze not only&#xd;
the concept of Mindfulness but also explore the different interventions that have&#xd;
been previously conducted. The study examines the improvement of attention and&#xd;
self-awareness through mindfulness practice over eight weeks. To do this, these&#xd;
two variables are evaluated using CARAS-R test and Mesquite test.&#xd;
In conclusion, this program has improved the impulsivity control index, and therefore&#xd;
attention, as well as emotional intelligence, after eight weeks with the Mindfulness&#xd;
program.</subfield>
</datafield>
<datafield tag="024" ind2=" " ind1="8">
<subfield code="a">http://hdl.handle.net/10259/9374</subfield>
</datafield>
<datafield ind1=" " ind2=" " tag="653">
<subfield code="a">Mindfulness</subfield>
</datafield>
<datafield ind1=" " ind2=" " tag="653">
<subfield code="a">Atención</subfield>
</datafield>
<datafield ind1=" " ind2=" " tag="653">
<subfield code="a">Inteligencia emocional</subfield>
</datafield>
<datafield ind1=" " ind2=" " tag="653">
<subfield code="a">Intervención</subfield>
</datafield>
<datafield ind1=" " ind2=" " tag="653">
<subfield code="a">Educación primaria</subfield>
</datafield>
<datafield ind1=" " ind2=" " tag="653">
<subfield code="a">Mindfulness</subfield>
</datafield>
<datafield ind1=" " ind2=" " tag="653">
<subfield code="a">Attention</subfield>
</datafield>
<datafield ind1=" " ind2=" " tag="653">
<subfield code="a">Emotional intelligence</subfield>
</datafield>
<datafield ind1=" " ind2=" " tag="653">
<subfield code="a">Intervention</subfield>
</datafield>
<datafield ind1=" " ind2=" " tag="653">
<subfield code="a">Primary education</subfield>
</datafield>
<datafield tag="245" ind1="0" ind2="0">
<subfield code="a">Atención e inteligencia emocional a partir del Mindfulness en Educación Primaria</subfield>
</datafield>
</record></metadata></record></GetRecord></OAI-PMH>